Statystyki dla Słowa na T 5 liter

Kliknij tutaj aby rozwiązać quiz!

Ogólne statystyki

  • Ten quiz został rozwiązany 50 razy
  • Średni wynik to 2 z 15

Statystyki odpowiedzi

Odpowiedź% Poprawnych
Torba
64%
Tacka
25%
Tatry
16%
Tatuś
16%
Tenis
14%
Talia
11%
Taran
11%
Tyłek
9%
Tarot
7%
Tempo
7%
Tytoń
7%
Tosty
5%
Tafla
2%
Tłoki
2%
Toffi
2%

Rozkład punktacji

Percentyl według liczby udzielonych odpowiedzi

Procent ludzi z każdym wynikiem

Twoja historia wyników

Nie rozwiązałeś tego quizu